[Event "ZI-2012-0-01228"]
[Site "LSS email"]
[Date "2012.02.03"]
[Round "?"]
[White "Bokros, Janos"]
[Black "Sachajko, Filip"]
[Result "1-0"]
[WhiteElo "1800"]
[BlackElo "1400"]
[PlyCount "29"]
[EventDate "2012.01.30"]
[EventType "match (corr)"]
[EventRounds "2"]
[EventCountry "GER"]
[SourceTitle "Corr 2015"]
[Source "ChessBase"]
[SourceDate "2015.07.17"]
[SourceVersion "1"]
[SourceVersionDate "2015.07.17"]
[SourceQuality "1"]

1. e4 e6 2. Nf3 d5 3. exd5 exd5 4. d4 Nc6 5. Nc3 Nf6 6. Bb5 Bd7 7. 0-0 Be7 8. Re1 0-0 9. Bg5 Re8 10. Bxf6 Bxf6 11. Nxd5 Nxd4 12. Bxd7 Rxe1+ 13. Nxe1 Qxd7 14. Nxf6+ gxf6 15. c3 1-0

[Event "ZI-2012-0-01228"]
[Site "LSS email"]
[Date "2012.02.03"]
[Round "?"]
[White "Sachajko, Filip"]
[Black "Bokros, Janos"]
[Result "0-1"]
[WhiteElo "1400"]
[BlackElo "1800"]
[PlyCount "28"]
[EventDate "2012.01.30"]
[EventType "match (corr)"]
[EventRounds "2"]
[EventCountry "GER"]
[SourceTitle "Corr 2015"]
[Source "ChessBase"]
[SourceDate "2015.07.17"]
[SourceVersion "1"]
[SourceVersionDate "2015.07.17"]
[SourceQuality "1"]

1. e4 e5 2. Nf3 Nc6 3. d4 exd4 4. Nxd4 Nf6 5. Nc3 Bb4 6. Nxc6 bxc6 7. Bd2 0-0 8. Bd3 d5 9. 0-0 Bxc3 10. Bxc3 d4 11. Bb4 Re8 12. f3 Rb8 13. c3 Nd7 14. Rf2 Ne5 0-1

[Event "OP-2012-0-02023"]
[Site "LSS email"]
[Date "2012.01.24"]
[Round "?"]
[White "Sachajko, Filip"]
[Black "Bester, Kazimierz"]
[Result "1-0"]
[WhiteElo "1400"]
[BlackElo "749"]
[PlyCount "93"]
[EventDate "2012.01.22"]
[EventType "tourn (corr)"]
[EventRounds "4"]
[EventCountry "GER"]
[SourceTitle "Telechess CBM 155"]
[Source "ChessBase"]
[SourceDate "2013.07.16"]
[SourceVersion "1"]
[SourceVersionDate "2013.07.16"]
[SourceQuality "1"]

1. e4 d5 2. exd5 Qxd5 3. Nc3 Qa5 4. d4 Nf6 5. Nf3 Nc6 6. Bg5 Bg4 7. Be2 0-0-0 8. Be3 e5 9. 0-0 Bd6 10. Ng5 Bxe2 11. Qxe2 Rd7 12. a3 b5 13. b4 Qa6 14. Qxb5 Qxb5 15. Nxb5 h6 16. Nf3 e4 17. Nd2 Re8 18. c4 a6 19. Nc3 Ng4 20. h3 Nxe3 21. fxe3 f6 22. Ndxe4 Bf8 23. Nc5 Bxc5 24. bxc5 Rxe3 25. Nd5 Rd3 26. Rf4 Nxd4 27. Re1 Kb7 28. Rb1+ Kc6 29. Rg4 Ne2+ 30. Kf1 Ng3+ 31. Kf2 Kxc5 32. Rxg3 Kxc4 33. Rxd3 Kxd3 34. Rd1+ Kc2 35. Ne3+ Kb3 36. Rxd7 Kxa3 37. Rxc7 g5 38. Rc6 f5 39. Rxa6+ Kb4 40. Rc6 f4 41. Nf1 h5 42. Ke2 g4 43. hxg4 hxg4 44. Kd3 f3 45. g3 Kb5 46. Rc1 Kb4 47. Nh2 1-0